00622cpcaa2200229 4500001001300000003000400013005001700017008004100034010001700075040002400092072001200116100002100128245003300149300001400182506002200196545001000218546003600228580005700264650003500321656001900356999001700375mm 79005219 DLC20260227111650.0790521|||||||||||| eng  amm 79005219  aDLCcDLCedacsdDLC 7aL2lcmd1 aFlesch, Philipp.00aPhilipp Flesch poems,f1940. a2fitems.0 aOpen to research.0 aPoet. aCollection material in English. aForms part of: Miscellaneous Manuscripts collection. 0aAmerican poetryy20th century. 7aPoets.2itoamc c41870d41870